PHARMA MARKETING MANAGEMENT (Record no. 280690)

MARC details
000 -LEADER
fixed length control field 00274pam a2200109a 44500
008 - FIXED-LENGTH DATA ELEMENTS--GENERAL INFORMATION
fixed length control field 230405s2018 xxu||||| |||| 00| 0 eng d
041 ## - LANGUAGE CODE
Language code of text/sound track or separate title ENG
100 ## - MAIN ENTRY--PERSONAL NAME
Personal name DR.RUPESH GAUTAM
245 ## - TITLE STATEMENT
Title PHARMA MARKETING MANAGEMENT
260 ## - PUBLICATION, DISTRIBUTION, ETC.
Place of publication, distribution, etc.
Name of publisher, distributor, etc. NIRALI PRAKASHAN PUNE
Date of publication, distribution, etc. 2018
906 ## - LOCAL DATA ELEMENT F, LDF (RLIN)
a 5419

No items available.